000 00316nam a22001337a 4500
008 181020b xxu||||| |||| 00| 0 eng d
020 _a0632087102
041 _aeng
080 _a616-053.2
100 _a8
101 _aORT
245 _aHeritable Disorders in Orthopaedic Practice
_cDavies, R.W
942 _2udc
_cBK
999 _c50317
_d50317